[Event "Malopolska-ch"]
[Site "Krakow"]
[Date "2025.06.19"]
[Round "1"]
[White "Cernov, Henrik"]
[Black "Samu, Sorin Mihai"]
[Result "1-0"]
[WhiteElo "2325"]
[BlackElo "2054"]
[PlyCount "81"]
[EventDate "2025.06.19"]
[EventType "swiss"]
[EventRounds "7"]
[EventCountry "POL"]
[SourceTitle "CB26_2025"]
[SourceDate "2025.06.25"]
[SourceVersion "1"]
[SourceVersionDate "2025.06.25"]
[SourceQuality "1"]

1. e4 d6 2. d4 c6 3. Nc3 Nd7 4. Nf3 e5 5. Bc4 Be7 6. dxe5 dxe5 7. Ng5 Bxg5 8. Qh5 g6 9. Qxg5 Qxg5 10. Bxg5 b5 11. Bd3 h6 12. Be3 Ngf6 13. f3 Nb6 14. a4 b4 15. Na2 Nxa4 16. Nxb4 Nxb2 17. Be2 Be6 18. Nxc6 Nd7 19. Ba6 Nc4 20. Bf2 0-0 21. Bb7 Rae8 22. Rxa7 f5 23. 0-0 fxe4 24. fxe4 Rf7 25. Bg3 Rxf1+ 26. Kxf1 Ne3+ 27. Ke2 Nxg2 28. Kf3 Nf4 29. Bxf4 exf4 30. Nd4 Bf7 31. Kxf4 Nc5 32. Bc6 Rf8 33. Ke3 h5 34. Nf3 Rc8 35. Ne5 Ne6 36. Bd5 Rc7 37. Rxc7 Nxc7 38. Bxf7+ Kg7 39. h4 Kf6 40. Kf4 g5+ 41. hxg5+ 1-0

[Event "Stockholm Hotel N IM 3rd"]
[Site "Upplands Vasby"]
[Date "2025.06.09"]
[Round "2"]
[White "Cernov, Henrik"]
[Black "Paragua, Megan Althea"]
[Result "1/2-1/2"]
[WhiteElo "2325"]
[BlackElo "2278"]
[PlyCount "41"]
[EventDate "2025.06.09"]
[EventType "tourn"]
[EventRounds "9"]
[EventCountry "SWE"]
[EventCategory "1"]
[SourceTitle "CB26_2025"]
[SourceDate "2025.06.25"]
[SourceVersion "1"]
[SourceVersionDate "2025.06.25"]
[SourceQuality "1"]

1. e4 c5 2. Nf3 Nf6 3. Nc3 d5 4. exd5 Nxd5 5. Bb5+ Bd7 6. Ne5 Nf6 7. Qf3 Qc8 8. a4 e6 9. 0-0 Bd6 10. Bxd7+ Nbxd7 11. Nc4 Bc7 12. d3 0-0 13. Re1 Qb8 14. g3 Ne5 15. Nxe5 Bxe5 16. Ne4 Qc7 17. Be3 Nxe4 18. Qxe4 Bf6 19. Bf4 Qd7 20. Be5 Bxe5 21. Qxe5 1/2-1/2

[Event "Titled Tuesday intern op 03rd Jan Late"]
[Site "Chess.com INT"]
[Date "2025.06.03"]
[Round "8"]
[White "Cernov, Henrik"]
[Black "Aliyev, Elnur Fakhraddin Og"]
[Result "0-1"]
[WhiteElo "2325"]
[BlackElo "2155"]
[PlyCount "80"]
[EventDate "2025.06.03"]
[EventType "swiss (blitz)"]
[EventRounds "11"]
[EventCountry "USA"]
[SourceTitle "CB24_2025"]
[SourceDate "2025.06.11"]
[SourceVersion "1"]
[SourceVersionDate "2025.06.11"]
[SourceQuality "1"]

1. e4 d5 2. exd5 Qxd5 3. Nc3 Qd8 4. Ke2 Nf6 5. Qe1 Bf5 6. Kd1 e6 7. f3 h5 8. d3 Nc6 9. Nge2 Bb4 10. Ng3 Bg6 11. Bd2 Qe7 12. a3 Ba5 13. Nce4 Bb6 14. a4 a6 15. Kc1 0-0-0 16. a5 Ba7 17. Be2 h4 18. Nf1 h3 19. g4 Nd5 20. Nfg3 f5 21. Bg5 Be3+ 22. Bxe3 Nxe3 23. Nc3 Nd4 24. Bd1 f4 25. Nge4 e5 26. Ra4 Be8 27. Ra3 Rh6 28. g5 Rc6 29. Kb1 Bg6 30. Nf2 Qxg5 31. Nxh3 Qg2 32. Nf2 Nxd1 33. Ncxd1 Nxc2 34. Qxe5 Nxa3+ 35. bxa3 Qxf3 36. Rg1 Rxd3 37. Rxg6 Rxd1+ 38. Nxd1 Qxd1+ 39. Ka2 Rc2+ 40. Kb3 Re2+ 0-1

[Event "Titled Tuesday intern op 03rd Jan Late"]
[Site "Chess.com INT"]
[Date "2025.06.03"]
[Round "4"]
[White "Cernov, Henrik"]
[Black "Guliev, Gasan"]
[Result "1-0"]
[WhiteElo "2325"]
[BlackElo "2123"]
[PlyCount "97"]
[EventDate "2025.06.03"]
[EventType "swiss (blitz)"]
[EventRounds "11"]
[EventCountry "USA"]
[SourceTitle "CB24_2025"]
[SourceDate "2025.06.11"]
[SourceVersion "1"]
[SourceVersionDate "2025.06.11"]
[SourceQuality "1"]

1. e4 c5 2. Nf3 Nc6 3. d4 cxd4 4. Nxd4 Nf6 5. Nc3 e5 6. Ndb5 d6 7. Nd5 Nxd5 8. exd5 Nb8 9. Qf3 a6 10. Qa3 Be7 11. Bg5 f6 12. Be3 0-0 13. 0-0-0 Bf5 14. Nc3 Nd7 15. h4 b5 16. f3 Qb8 17. Qb4 Nb6 18. h5 Bd7 19. Qh4 Rc8 20. Ne4 Nc4 21. Bxc4 Rxc4 22. b3 Rc7 23. Kb1 Qd8 24. h6 g5 25. Qh5 Rac8 26. Bb6 Be8 27. Qg4 Bg6 28. Qe6+ Bf7 29. Qh3 Bg6 30. g4 a5 31. Qf1 Qd7 32. Bxc7 Qxc7 33. Rc1 a4 34. Qxb5 axb3 35. axb3 Rb8 36. Qd3 Qa5 37. Kb2 Bd8 38. Ra1 Qb4 39. Ra6 Bb6 40. c3 Bd4 41. Ra3 Bxe4 42. fxe4 Rc8 43. Qxd4 exd4 44. cxb4 d3 45. Rd1 Rc2+ 46. Kb1 Re2 47. Rxd3 Kf7 48. Rd4 Kg6 49. b5 1-0

[Event "Groninger Combinatie op"]
[Site "Groningen"]
[Date "2025.06.01"]
[Round "7"]
[White "Cernov, Henrik"]
[Black "Groenewoud, Joel"]
[Result "1/2-1/2"]
[WhiteElo "2325"]
[BlackElo "2168"]
[PlyCount "80"]
[EventDate "2025.05.29"]
[EventType "swiss"]
[EventRounds "7"]
[EventCountry "NED"]
[SourceTitle "CB23_2025"]
[SourceDate "2025.06.04"]
[SourceVersion "1"]
[SourceVersionDate "2025.06.04"]
[SourceQuality "1"]

1. Nf3 Nf6 2. g3 g6 3. Bg2 Bg7 4. 0-0 0-0 5. d4 d6 6. Re1 c5 7. dxc5 dxc5 8. Qxd8 Rxd8 9. c3 Nc6 10. Na3 Bf5 11. Be3 b6 12. Rad1 Rac8 13. Bf4 Be6 14. Ne5 Nxe5 15. Bxe5 Bxa2 16. Bb7 Rxd1 17. Rxd1 Rf8 18. c4 Ne8 19. Bxg7 Kxg7 20. Rd7 Nd6 21. Ba6 Kf6 22. Rxa7 Rd8 23. Rc7 Ra8 24. Bb5 Nxb5 25. Nxb5 Bxc4 26. Rc6+ Kf5 27. Nc3 h5 28. Rxb6 h4 29. Kg2 hxg3 30. hxg3 Ra6 31. Rb7 e5 32. Rc7 Ra5 33. Kf3 Ke6 34. Ke3 Kd6 35. Rb7 Kc6 36. Re7 Be6 37. Re8 c4 38. Rb8 Kc7 39. Re8 Kc6 40. Rb8 Kc7 1/2-1/2

[Event "Titled Tuesday intern op 20th May Late"]
[Site "Chess.com INT"]
[Date "2025.05.20"]
[Round "5"]
[White "Bogaudinov, Rushan"]
[Black "Cernov, Henrik"]
[Result "0-1"]
[WhiteElo "1912"]
[BlackElo "2325"]
[PlyCount "46"]
[EventDate "2025.05.20"]
[EventType "swiss (blitz)"]
[EventRounds "11"]
[EventCountry "USA"]
[SourceTitle "CB22_2025"]
[SourceDate "2025.05.28"]
[SourceVersion "1"]
[SourceVersionDate "2025.05.28"]
[SourceQuality "1"]

1. e4 e6 2. Nf3 d5 3. e5 c5 4. b4 f6 5. bxc5 Bxc5 6. Bb2 Qb6 7. Qc1 Bxf2+ 8. Kd1 Nc6 9. exf6 Nxf6 10. Nc3 0-0 11. Rb1 Qd8 12. Ba3 Re8 13. Bb5 Bb6 14. Rf1 d4 15. Ne2 e5 16. Qb2 Be6 17. Ng5 Bd5 18. Ng3 h6 19. Nf3 e4 20. Nh4 e3 21. Bd3 exd2 22. Nhf5 Ba5 23. Qxb7 Re1+ 0-1

[Event "Titled Tuesday intern op 20th May Late"]
[Site "Chess.com INT"]
[Date "2025.05.20"]
[Round "6"]
[White "Cernov, Henrik"]
[Black "Hoeffer, David"]
[Result "0-1"]
[WhiteElo "2325"]
[BlackElo "2295"]
[PlyCount "126"]
[EventDate "2025.05.20"]
[EventType "swiss (blitz)"]
[EventRounds "11"]
[EventCountry "USA"]
[SourceTitle "CB22_2025"]
[SourceDate "2025.05.28"]
[SourceVersion "1"]
[SourceVersionDate "2025.05.28"]
[SourceQuality "1"]

1. e4 Nc6 2. Nf3 f5 3. Nh4 e6 4. Qh5+ g6 5. Nxg6 Nf6 6. Qh4 hxg6 7. Qxh8 Nxe4 8. d3 Qf6 9. Qxf6 Nxf6 10. c3 e5 11. g3 d5 12. Bg2 Be6 13. 0-0 0-0-0 14. Re1 Bd6 15. d4 e4 16. Na3 a6 17. b4 Rg8 18. h4 Nh5 19. b5 Ne7 20. bxa6 bxa6 21. Nc2 f4 22. gxf4 Nxf4 23. Bxf4 Bxf4 24. Ne3 g5 25. hxg5 Rxg5 26. Kf1 Bd7 27. a4 Ng6 28. c4 Nh4 29. Bh1 Nf3 30. Red1 c6 31. cxd5 cxd5 32. Bxf3 exf3 33. Ke1 Bxe3 34. fxe3 Rg2 35. Ra3 Re2+ 36. Kf1 Bh3+ 37. Kg1 f2+ 38. Kh1 f1Q+ 39. Rxf1 Bxf1 40. Rc3+ Kb7 41. Kg1 Bg2 42. a5 Be4 43. Kf1 Ra2 44. Rc5 Rb2 45. Rc3 Rb5 46. Ra3 Rb1+ 47. Kf2 Kc6 48. Rc3+ Kb5 49. Rc5+ Ka4 50. Kg3 Rb5 51. Rc7 Kxa5 52. Ra7 Rb6 53. Kf4 Kb4 54. Rg7 a5 55. Rg1 a4 56. Ke5 Ka5 57. Rg8 a3 58. Rd8 a2 59. Ra8+ Ra6 60. Rc8 a1Q 61. Rc5+ Kb4 62. Kf4 Qf1+ 63. Ke5 Qf5# 0-1

[Event "Titled Tuesday intern op 06th May Early"]
[Site "Chess.com INT"]
[Date "2025.05.06"]
[Round "9"]
[White "Fiorito, Francisco"]
[Black "Cernov, Henrik"]
[Result "1/2-1/2"]
[WhiteElo "2433"]
[BlackElo "2325"]
[PlyCount "45"]
[EventDate "2025.05.06"]
[EventType "swiss (blitz)"]
[EventRounds "11"]
[EventCountry "USA"]
[SourceTitle "CB20_2025"]
[SourceDate "2025.05.14"]
[SourceVersion "1"]
[SourceVersionDate "2025.05.14"]
[SourceQuality "1"]

1. Nf3 Nf6 2. g3 g6 3. b3 Bg7 4. Bb2 0-0 5. Bg2 d6 6. c4 e5 7. d3 Nc6 8. 0-0 h6 9. Nc3 Be6 10. Rc1 Qd7 11. a3 g5 12. b4 Bh3 13. b5 Ne7 14. e4 Ng6 15. a4 Bxg2 16. Kxg2 Qg4 17. h3 Nf4+ 18. Kg1 Nxh3+ 19. Kh2 Qh5 20. Kg2 Qg4 21. Kh2 Qh5 22. Kg2 Qg4 23. Kh2 1/2-1/2

[Event "Helmond Rapid op"]
[Site "Helmond"]
[Date "2025.05.03"]
[Round "6"]
[White "Cernov, Henrik"]
[Black "Jara Segovia, Jesus Javier"]
[Result "1-0"]
[WhiteElo "2325"]
[BlackElo "1898"]
[PlyCount "149"]
[EventDate "2025.05.03"]
[EventType "swiss (rapid)"]
[EventRounds "9"]
[EventCountry "NED"]
[SourceTitle "CB19_2025"]
[SourceDate "2025.05.07"]
[SourceVersion "1"]
[SourceVersionDate "2025.05.07"]
[SourceQuality "1"]

1. e4 Nf6 2. Nc3 d5 3. exd5 Nxd5 4. Bc4 Nxc3 5. Qf3 Nd5 6. Bxd5 e6 7. Bxb7 Bxb7 8. Qxb7 Nd7 9. Nf3 Bd6 10. Qe4 0-0 11. 0-0 Nc5 12. Qe2 Rb8 13. b3 Qf6 14. d4 Nd7 15. c4 Bf4 16. Bxf4 Qxf4 17. Rad1 Rfd8 18. Rfe1 a5 19. d5 exd5 20. Rxd5 Nf8 21. Rxa5 Rd6 22. Re5 Ne6 23. Qe3 Qf6 24. Ng5 Nf8 25. Qg3 Qg6 26. R5e2 Rbd8 27. Ne4 Rd1 28. Qxg6 hxg6 29. g3 Ne6 30. Nc3 R1d3 31. Re3 Rd2 32. R1e2 c5 33. Nd5 Rd1+ 34. Kg2 Kh7 35. Re4 g5 36. h4 Nd4 37. Re1 Rxe1 38. Rxe1 gxh4 39. Rh1 Ra8 40. Rxh4+ Kg6 41. Nc3 f5 42. Rh1 Nc2 43. Rd1 Ra5 44. Rd2 Ne1+ 45. Kf1 Nf3 46. Rd3 Nh2+ 47. Kg2 Ng4 48. Na4 Ra8 49. Rd2 Rh8 50. Nxc5 Rh2+ 51. Kg1 Rh8 52. Nd3 Kg5 53. Nf4 Ne5 54. Kg2 Ng4 55. Rd6 Nf6 56. c5 Ra8 57. a4 Rb8 58. Rb6 Rc8 59. b4 Kh6 60. Nd5 Kg5 61. Nxf6 gxf6 62. c6 f4 63. b5 fxg3 64. fxg3 Rd8 65. c7 Rd2+ 66. Kf3 Rc2 67. Rc6 Ra2 68. c8Q Ra3+ 69. Rc3 Rxa4 70. Rc5+ Kg6 71. Qg8+ Kh6 72. Qh8+ Kg6 73. Qh5+ Kg7 74. Rc7+ Kf8 75. Qf7# 1-0

[Event "Basel Carnival op"]
[Site "Basel"]
[Date "2025.02.01"]
[Round "3"]
[White "Cernov, Henrik"]
[Black "Labrovic, Jakov"]
[Result "1-0"]
[WhiteElo "2292"]
[BlackElo "1968"]
[PlyCount "75"]
[EventDate "2025.01.31"]
[EventType "swiss"]
[EventRounds "5"]
[EventCountry "SUI"]
[SourceTitle "CB07_2025"]
[SourceDate "2025.02.12"]
[SourceVersion "1"]
[SourceVersionDate "2025.02.12"]
[SourceQuality "1"]

1. e4 c5 2. Nf3 d6 3. Bb5+ Bd7 4. Bxd7+ Qxd7 5. 0-0 Nf6 6. Qe2 e5 7. c3 Be7 8. d4 cxd4 9. cxd4 exd4 10. Nxd4 Nc6 11. Rd1 Nxd4 12. Rxd4 0-0 13. Nc3 Qg4 14. Qxg4 Nxg4 15. Bf4 Rfd8 16. Rad1 Ne5 17. Bxe5 dxe5 18. Rd7 Kf8 19. Rxb7 Rxd1+ 20. Nxd1 Bc5 21. Kf1 Rd8 22. Ke2 Rd6 23. Nc3 g5 24. Nd5 Ra6 25. a3 Ra4 26. f3 h5 27. Nf6 Bg1 28. h3 Rc4 29. Kd3 Rd4+ 30. Kc3 Rd6 31. Rb8+ Ke7 32. Nd5+ Kd7 33. Rf8 Bd4+ 34. Kb3 Rc6 35. Rxf7+ Ke8 36. Rg7 Rc1 37. Rxg5 Rb1 38. Nc3 1-0

[Event "Polanica Zdroj op 60th"]
[Site "Polanica Zdroj"]
[Date "2024.08.22"]
[Round "6"]
[White "Cernov, Henrik"]
[Black "Iwanczuk, Krzysztof"]
[Result "1/2-1/2"]
[WhiteElo "2133"]
[BlackElo "2023"]
[PlyCount "62"]
[EventDate "2024.08.17"]
[EventType "swiss"]
[EventRounds "9"]
[EventCountry "POL"]
[SourceTitle "CBM 221 Extra"]
[Source "ChessBase"]
[SourceDate "2024.09.30"]
[SourceVersion "1"]
[SourceVersionDate "2024.09.30"]
[SourceQuality "1"]

1. e4 e5 2. Nf3 Nc6 3. Bb5 a6 4. Ba4 Nf6 5. Nc3 Bc5 6. Bxc6 dxc6 7. Nxe5 Bxf2+ 8. Kxf2 Qd4+ 9. Ke1 Qxe5 10. d3 0-0 11. Qd2 Be6 12. Qg5 Qxg5 13. Bxg5 Nd7 14. Bf4 Rac8 15. Kd2 c5 16. a4 b6 17. b3 Rfd8 18. Rhf1 Nb8 19. a5 b5 20. Be3 c4 21. bxc4 Bxc4 22. Ne2 b4 23. Bc5 Nc6 24. Ke3 Be6 25. d4 Rb8 26. Rfb1 Rb5 27. Nc1 Rdb8 28. Nd3 Bc4 29. Nb2 Be6 30. Nd3 Bc4 31. Nb2 Be6 1/2-1/2